My top 30 Kanye West songs - Statistics

General Stats
  • This quiz has been taken 36 times
  • The average score is 13 of 30
Answer Stats
Rank Album Song % Correct
17. My Beautiful Dark Twisted Fantasy Runaway
90%
1. My Beautiful Dark Twisted Fantasy Devil In A New Dress
83%
9. The College Dropout All Falls Down
70%
24. Graduation Flashing Lights
60%
20. Watch The Throne No Church In The Wild
60%
19. My Beautiful Dark Twisted Fantasy POWER
60%
28. 808s & Heartbreak Heartless
57%
8. Graduation I Wonder
57%
4. The College Dropout Spaceship
53%
27. My Beautiful Dark Twisted Fantasy All Of The Lights
50%
21. Graduation Good Morning
50%
3. Graduation Homecoming
50%
23. Yeezus Bound 2
47%
15. The College Dropout Family Business
43%
10. My Beautiful Dark Twisted Fantasy Gorgeous
40%
12. The College Dropout Last Call
40%
5. Late Registration Diamonds From Sierra Leone - Remix
37%
22. Late Registration Heard 'Em Say
37%
18. The College Dropout We Don't Care
37%
14. Late Registration We Major
37%
16. Graduation Can't Tell Me Nothing
33%
13. The College Dropout Jesus Walks
33%
25. Late Registration Roses
30%
6. My Beautiful Dark Twisted Fantasy So Appalled
27%
30. Graduation Everything I Am
23%
7. The College Dropout The New Workout Plan
20%
2. The College Dropout Never Let Me Down
17%
29. Late Registration Addiction
13%
26. Late Registration Crack Music
7%
11. Watch The Throne Murder To Excellence
0%
No matching quizzes found
Score Distribution
Percent of People with Each Score
Percentile by Number Answered
Your Score History
You have not taken this quiz